| 000 | 00866nam a2200289Ia 4500 | ||
|---|---|---|---|
| 001 | Z_3472 | ||
| 003 | CHAP | ||
| 008 | 220113s2000 xx 000 0 und d | ||
| 010 | _a166586 | ||
| 040 | _cCHAP | ||
| 090 | _aTesis R 1500 | ||
| 100 |
_aRojas Domínguez, Elmer _999297 |
||
| 245 |
_aEvaluación de una dieta granulada con 65% de vesa común (Vicia sativa L.) para conejos destetados / _cpor Elmer Rojas Domínguez |
||
| 260 |
_aChapingo, Méx. : _bEl autor, _c2000 |
||
| 300 | _a55 h. ; cuad. | ||
| 502 | _aTesis (Ing. Agr. Esp. en Zootecnia) -- UACH. Departamento de Zootecnia | ||
| 650 |
_aConejos _xAlimentación _926353 |
||
| 650 |
_aConejos _xEngorda _926363 |
||
| 650 |
_aConejos _xNutrición _926372 |
||
| 650 |
_aVeza _9119028 |
||
| 901 | _aTESIS R 1500 | ||
| 902 | _aM | ||
| 910 | _a2000 | ||
| 942 | _c2 | ||
| 942 | _c2 | ||
| 999 |
_c166586 _d166586 |
||